Record Details
Back To Results
Showing Item 10 of 12

After the flood

Kassandra Montag (Author).

Record details

  • ISBN: 9780008319557
  • Physical Description: Hard Cover
  • Publisher: London The Borough Press 2019
Subject: Climatic changes - Fiction

Available copies

  • 8 of 8 copies available at Headquarters.
Location Call Number / Copy Notes Barcode Shelving Location Status Due Date
Dodowa Library 201 FIC/MON 000000638487 Adult Fiction Available -
Frafraha Library 201 FIC/MON 000000638418 Adult Fiction Available -
Frafraha Library 201 FIC/MON 000000638425 Adult Fiction Available -
Frafraha Library 201 FIC/MON 000000638432 Adult Fiction Available -
Frafraha Library 201 FIC/MON 000000638456 Adult Fiction Available -
Lartebiokorshie Grace Library 201 FIC/MON 000000638463 Adult Fiction Available -
Tema Library 201 FIC/MON 000000638449 Adult Fiction Available -
Teshie Library 201 FIC/MON 000000638470 Adult Fiction Available -

No reviews or recommendations are currently available.

Loading shelf browser…

LDR 00620cam a2200205Ka 4500
0013151
003HQ
00520200608124830.0
008070101s enk er 1 eng d
020 . ‡a9780008319557
037 . ‡aBook Aid
082 . ‡aFIC/MON
100 . ‡aKassandra Montag
245 . ‡aAfter the flood
260 . ‡aLondon ‡bThe Borough Press ‡c2019
300 . ‡aHard Cover
650 . ‡aClimatic changes - Fiction
901 . ‡a3151 ‡bAUTOGEN ‡c3151 ‡tbiblio
Back To Results
Showing Item 10 of 12

Session Timeout

Your session will expire in minutes and seconds.

If you need more time, please click "Continue Session."

Session Ended

Your session has ended. Redirecting to the home page...